000 00732nam a2200217 a 4500
001 000033144
003 DO-SdBNP
005 20240925131621.0
008 090925s1926 es c 000 p spa d
040 _aDO-SdBNP
_bspa
_cBNPHU
049 _aBNPD
082 _aRD861.3
_bF438c
100 1 _aFiallo, Fabio,
_d1866-1942
_934816
245 1 3 _aLa canción de una vida /
_cFabio Fiallo ; estudios crítico de Rubén Dario; espitola estravagante de Alfonso Camín.
260 _aMadrid :
_bEditora Cristóbal Colón,
_c1926.
300 _a284 p. : ;
_c21 cm.
600 0 _aFIALLO, FABIO,
_d1866-1942
_xCRÍTICA E INTERPRETACIÓN
_928220
650 0 _aPoesía dominicana
_966
650 0 _aLiteratura dominicana.
_967
942 _2ddc
_cLBS1
999 _c32635
_d32635